| 000 | 01333nam a2200301 i 4500 | ||
|---|---|---|---|
| 003 | EG-ScBUE | ||
| 005 | 20231010095122.0 | ||
| 008 | 110802s1967 u f b 000 0 ara d | ||
| 040 |
_aEG-ScBUE _bara _erda _cEG-ScBUE _dEG-ScBUE |
||
| 082 | 0 | 4 |
_a909.097671 _bب خ ي _222 |
| 100 | 1 |
_926542 _aبخيت، عبد الحميد، _eمؤلف. |
|
| 245 | 1 | 0 |
_aعصر الخلفاء الراشدين : _bالتاريخ الديني، والسياسي، والحضاري / _cتأليف الدكتور عبد الحميد بخيت، أستاذ بكلية اللغة العربية، جامعة الأزهر. |
| 250 | _aالطبعة الثالثة. | ||
| 264 | 1 |
_aالقاهرة : _bدار المعارف، _c1967. |
|
| 300 |
_a575 صفحة ؛ _c24 سم. |
||
| 336 |
_2rdacontent _aنص _btxt |
||
| 337 |
_2rdamedia _aبدون وسيط _bn |
||
| 338 |
_2rdacarrier _aمجلد _bnc |
||
| 504 | _aيشتمل على إرجاعات ببليوجرافية. | ||
| 650 | 7 |
_922182 _aالخلفاء الراشدون. _2BUEsh |
|
| 650 | 7 |
_926550 _aالفتوحات الإسلامية. _2BUEsh |
|
| 650 | 7 |
_916244 _aالتاريخ الإسلامي. _2BUEsh |
|
| 650 | 7 |
_926551 _aالصحابة والتابعون. _2BUEsh |
|
| 650 | 7 |
_916244 _aالتاريخ الإسلامي. _2BUEsh |
|
| 653 | _cAugust2011 | ||
| 655 | _vReading book | ||
| 942 |
_2ddc _cBB |
||
| 999 |
_c15779 _d15779 |
||